| 000 | 00997nam a22003373u 4500 | ||
|---|---|---|---|
| 001 | DHIM2026022509010045 | ||
| 003 | RU-10907106 | ||
| 005 | 20260323082419.0 | ||
| 007 | tu | ||
| 008 | 260225s2020 gau ||| ||| 000 0 geo d | ||
| 020 |
_9978-9941-480-79-9 _a9789941480799 |
||
| 040 |
_aRU-10907106 _bger _cRU-10907106 |
||
| 041 | _ageo | ||
| 245 | 0 |
_ačiat̕ura da tqibuli _bkritikuli gaazrebis mc̕deloba |
|
| 264 | 1 |
_aTbilisi _c2020 |
|
| 300 | _a100 Seiten | ||
| 336 |
_2rdacontent _aText _btxt |
||
| 337 |
_2rdamedia _aOhne Hilfsmittel zu benutzen _bn |
||
| 338 |
_2rdacarrier _aBand _bnc |
||
| 650 |
_aStadtforschung _968670 |
||
| 650 |
_aPostsozialismus _914339 |
||
| 650 | _aKollektives Gedächtnis | ||
| 650 |
_aDeindustrialisierung _921156 |
||
| 651 | _aGeorgien | ||
| 651 |
_aTschiatura _968665 |
||
| 651 |
_aTkibuli _968671 |
||
| 700 | 1 |
_4aut _aOrešina, Iulia _968669 |
|
| 700 | 1 |
_4aut _aBerekašvil, Bak̕ar _968667 |
|
| 700 | 1 |
_4aut _aBicaże, Uta _968668 |
|
| 942 |
_2z _cMG |
||
| 999 |
_c73829 _d73829 |
||